000 01135cam a2200337 i 4500
001 16982169
003 EG-ScBUE
005 20260124102515.0
008 110929t2012 nyua frbf 001 0 eng d
020 _a9781617794230 (acid-free paper)
040 _aDLC
_beng
_erda
_cDLC
_dEG-ScBUE
082 0 4 _a572.8636
_222
_bFUN
245 0 0 _aFunctional genomics :
_bmethods and protocols /
_cedited by Michael Kaufmann and Claudia Klinger.
250 _aSecond edition.
264 1 _aNew York :
_bHuman Press / Springer,
_c[2012]
264 4 _cc2012
300 _axv, 418 pages :
_billustrations (some color) ;
_c25 cm.
336 _2rdacontent
_atext
_btxt
337 _aunmediated
_2rdamedia
_bn
338 _avolume
_bnc
_2rdacarrier
490 0 _aMethods in molecular biology,
_x1064-3745 ;
_v815
490 0 _aSpringer protocols
504 _aIncludes bibliographical references and index.
650 7 _aFunctional genomics.
_2BUEsh
_939560
651 _2BUEsh
653 _bPPhrm
_cMarch2016
655 _vReading book
700 1 _aKaufmann, M.
_q(Michael)
_eeditor.
700 1 _aKlinger, Claudia,
_eeditor.
942 _2ddc
_cBB
999 _c21418
_d21390